000
00270nam a22001217a 4500
008
260116b ||||| |||| 00| 0 eng d
041
_a
eng
080
_a
0002
100
_a
20
101
_a
ART
245
_a
Architectural record
_c
Santiago Calatravas
942
_2
lcc
_c
BK
999
_c
60753
_d
60753